Información de don Luis de Rojas, hijo mayor del marqués de Roza, contra Doña Francesca Enriquez, su madre, por la despensa de alimentos.

Detalles Bibliográficos
Formato: Libro
Publicado: s.l., s.f.
Materias:
Colección:Banco de datos
Acervo:Biblioteca Palafoxiana. Colección de Manuscritos
Descripción Física:5 f. ; 30.6 x 21.3 cm.
Tema general:Civil
LEADER 00442nam a22001330004500
035 |a 2132 
245 1 0 |a Información de don Luis de Rojas, hijo mayor del marqués de Roza, contra Doña Francesca Enriquez, su madre, por la despensa de alimentos. 
260 |a s.l., s.f. 
300 |a 5 f. ; 30.6 x 21.3 cm. 
650 1 0 |a Civil 
949 |a 38120/003 
942 |c PALAMANU 
943 |g Biblioteca Palafoxiana. Colección de Manuscritos 
999 |c 1070077  |d 1070077